EUProNet 4.0 INF_MINF /

Elmentve itt :
Bibliográfiai részletek
Szerzők: Guczi Ádám
Francia Csaba
Testületi szerző: Szegedi Innovatív Informatika Verseny (7.)
Dokumentumtípus: Könyv része
Megjelent: SZTE TTIK Informatikai Intézet Szeged 2021
Sorozat:Szegedi Innovatív Informatika Verseny
Kulcsszavak:Szoftverfejlesztés, Programozás - számítógép, Tanulmányi verseny - informatika - középiskola, Műszaki tudományok - modellezés - számítógép alkalmazása
Tárgyszavak:
Online Access:http://acta.bibl.u-szeged.hu/89534
LEADER 01067naa a2200241 i 4500
001 acta89534
005 20260226084113.0
008 260225s2021 hu o 100 hun d
040 |a SZTE Egyetemi Kiadványok Repozitórium  |b hun 
041 |a hun 
100 1 |a Guczi Ádám 
245 1 0 |a EUProNet 4.0   |h [elektronikus dokumentum] :  |b INF_MINF /  |c  Guczi Ádám 
260 |a SZTE TTIK Informatikai Intézet  |b Szeged  |c 2021 
300 |a 15-18 
490 0 |a Szegedi Innovatív Informatika Verseny 
650 4 |a Természettudományok 
650 4 |a Számítás- és információtudomány 
650 4 |a Műszaki és technológiai tudományok 
650 4 |a Villamosmérnöki és informatikai tudományok 
695 |a Szoftverfejlesztés, Programozás - számítógép, Tanulmányi verseny - informatika - középiskola, Műszaki tudományok - modellezés - számítógép alkalmazása 
700 0 1 |a Francia Csaba  |e aut 
711 |a Szegedi Innovatív Informatika Verseny (7.)  |c Szeged  |d 2021 
856 4 0 |u http://acta.bibl.u-szeged.hu/89534/1/sziiv_2021_015-018.pdf  |z Dokumentum-elérés